MARC

LEADER 00000nam0a2200000 4500
001 199128
005 20231031184143.0
035 |a (RuTPU)RU\TPU\book\217155 
090 |a 199128 
100 |a 20110726d1975 m y0rusy50 ca 
101 0 |a rus 
102 |a RU 
105 |a a j 001zy 
200 1 |a Прессование, прессы  |e конспект лекций  |h Ч. 1  |f К. А. Салазкин  |g Московский институт химического машиностроения 
210 |a Москва  |c Изд-во МИХМ  |d 1975 
215 |a 195 с.  |c ил. 
320 |a Библиогр.: с. 195. 
610 1 |a прессовочные материалы 
610 1 |a свойства 
610 1 |a таблетирование 
610 1 |a прессование 
610 1 |a прессы 
610 1 |a подогрев 
610 1 |a таблеточные машины 
610 1 |a гидравлические прессы 
610 1 |a приводы 
610 1 |a гидроприводы 
610 1 |a аккумуляторы 
610 1 |a распределители 
610 1 |a рабочие жидкости 
610 1 |a трубопроводы 
610 1 |a уплотнения 
610 1 |a лекции 
610 1 |a учебные пособия 
675 |a 678.5.027.7(075.8)  |v 3 
700 1 |a Салазкин  |b К. А.  |g Кирилл Аркадьевич 
712 0 2 |a Московский институт химического машиностроения  |2 stltpush  |3 (RuTPU)RU\TPU\col\7881 
801 1 |a RU  |b 63413507  |c 20110726 
801 2 |a RU  |b 63413507  |c 20111205  |g RCR 
942 |c BK